Cristología femenina crítica: Jesús, hijo de Miriam, profeta de la sabiduría

Gorde:
Xehetasun bibliografikoak
Egile nagusia: Schussler Fiorenza, Elisabeth (Egilea)
Formatua: Liburua
Hizkuntza:gaztelania
Argitaratua: Madrid Trotta 2000
Edizioa:1a. ed
Saila:Religión
Gaiak:
Etiketak: Etiketa erantsi
Etiketarik gabe, Izan zaitez lehena erregistro honi etiketa jartzen!

MARC

LEADER 00000cam a2200000 a 4500
001 UCC2533
003 CL-VaPUC
008 180309e20000000sp |||||||||||||||||spa|d
020 |a 8481644307 
082 0 4 |a 232  |b SCH  |2 21 
100 0 |a Schussler Fiorenza, Elisabeth  |e author  |9 596590 
245 1 0 |a Cristología femenina crítica: Jesús, hijo de Miriam, profeta de la sabiduría 
250 |a 1a. ed 
300 |a 268 p 
942 |c BK 
945 |d 20180309 22:06:00  |a dcastane 
260 |a Madrid  |b Trotta  |c 2000 
650 0 |a Cristología   |9 315091 
650 0 |a Textos sagrados   |9 257605 
583 |a last modification  |c 20180309 22:06:00  |k Rodrigo Vera 
490 0 |a Religión 
999 |c 370612  |d 370610 
952 |0 0  |1 0  |3 erb  |4 0  |6 232_000000000000000_SCH_2000  |7 0  |8 A  |9 487158  |a BIBTEO  |b BIBTEO  |i 5453232  |o 232 SCH 2000  |p 5453232  |r 2025-01-17  |w 2019-11-24  |y BK  |z Catalogado en:20180309  |k ICR